| 000 | 00367nam a2200133Ia 4500 | ||
|---|---|---|---|
| 008 | 150202s9999 xx 000 0 und d | ||
| 020 | _a373760205 | ||
| 050 |
_aFIC _bFIC |
||
| 100 | _aDelacorte, Shawna. | ||
| 245 |
_aCowboy dreaming / _cShawna Delacorte. |
||
| 260 |
_aNew York : _bSilhouette Books, _c1994. |
||
| 300 |
_a187 pages : _c18 cm. |
||
| 650 | _aFiction. | ||
| 999 |
_c282200 _d282200 |
||